00496 2200181 4500001002100000008004100021035002000062245008700082100001900169250000600188260003800194300001200232020002200244084001400266082000800280650001400288990001200302INLIS000000000001170 ind  a0010-0524000405 aOptik; Sebagai Persiapan Menuju Olimpiade InternasionalcProf. Yohanes Surya, Ph.D aSurya, Yohanes a1 aTangerang :bPT. KandelcMei 2017 a110 hlm a978-602-6878-40-3 a535 YOH o a535 aNon Fiksi a0744932